Microprocessors, PC Hardware and Interfacing (Record no. 89)

MARC details
000 -LEADER
fixed length control field 00395nam a22001577a 4500
005 - DATE AND TIME OF LATEST TRANSACTION
control field 20180203105242.0
008 - FIXED-LENGTH DATA ELEMENTS--GENERAL INFORMATION
fixed length control field 160427b xxu||||| |||| 00| 0 eng d
020 ## - INTERNATIONAL STANDARD BOOK NUMBER
ISBN 81-203-2317-3
041 ## - LANGUAGE CODE
Language code of text/sound track or separate title eng
082 ## - DEWEY DECIMAL CLASSIFICATION NUMBER
Item number 00267
Classification number 004.165
100 ## - MAIN ENTRY--AUTHOR NAME
Personal name Mathivanan, N.
245 ## - TITLE STATEMENT
Title Microprocessors, PC Hardware and Interfacing
260 ## - PUBLICATION, DISTRIBUTION, ETC. (IMPRINT)
Place of publication New Delhi
Name of publisher PHI Pvt Ltd.
Year of publication 2003
300 ## - PHYSICAL DESCRIPTION
Number of Pages 519
942 ## - ADDED ENTRY ELEMENTS (KOHA)
Koha item type Books
Holdings
Lost status Damaged status Collection code Home library Current library Shelving location Date acquired Cost, normal purchase price Full call number Accession Number Koha item type
    CS/IT JRU Library JRU Library SHELF-49-A 27/04/2016 295.00 00267 00267 Books
    CS/IT JRU Library JRU Library SHELF-49-A 27/04/2016 295.00 00267 00268 Books
    CS/IT JRU Library JRU Library SHELF-49-A 27/04/2016 295.00 00267 00269 Books